| 000 | 00616nam a22002057a 4500 | ||
|---|---|---|---|
| 003 | OSt | ||
| 005 | 20151022114202.0 | ||
| 008 | 130416s2011 sp ||||| |||| 00| 0 spa d | ||
| 020 | _a9788441529823 | ||
| 040 |
_cCDMR _bcat |
||
| 100 | 1 |
_93193 _aBergareche, Borja |
|
| 245 |
_aWikileaks confindencial _cBorja Bergareche Sainz de los Terreros ; prólogo de Rosental Calmon Alves |
||
| 260 |
_aMadrid _bAnaya Multimedia _c2011 |
||
| 300 | _a213 p. | ||
| 490 | 0 | _a800 Books | |
| 650 | 0 | 4 |
_91574 _aLlibertat d'informació |
| 650 | 0 | 4 |
_94537 _aSecrets d'Estat |
| 610 | 2 |
_94536 _aWikiLeaks (Organització) |
|
| 942 |
_2udc _cMON |
||
| 999 |
_c6100 _d6100 |
||